| 000 | 01617nam a2200397Ii 4500 | ||
|---|---|---|---|
| 001 | DIGECIJG0022 | ||
| 003 | NyNyDIG | ||
| 006 | m o d | ||
| 007 | cr ||||||||||| | ||
| 008 | 230912s2009 ck ob 000 0 spa d | ||
| 035 | _a(OCoLC)1398180680 | ||
| 040 |
_aDGITA _beng _erda _epn _cDGITA |
||
| 020 | _z9789588060903 | ||
| 050 | 1 | 4 | _aQA76.9.D343 ebook |
| 100 | 1 |
_aLangrand, Claude, _eauthor. |
|
| 245 | 1 | 0 |
_aAnálisis de datos : _bmétodos y ejemplos / _cClaude Langrand, Luz Mary Pinzón. |
| 264 | 1 |
_aBogotá : _bEscuela Colombiana de Ingeniería Julio Garavito Editorial, _c[2009] |
|
| 300 | _a1 online resource. | ||
| 336 |
_atext _btxt _2rdacontent |
||
| 337 |
_acomputer _bc _2rdamedia |
||
| 338 |
_aonline resource _bcr _2rdacarrier |
||
| 347 |
_atext file _2rdaft |
||
| 347 | _bPDF | ||
| 490 | 1 | _aColección de matemáticas | |
| 504 | _aIncludes bibliographical references. | ||
| 588 | 0 | _aOnline resource; title from PDF title page (Digitalia, viewed September 12, 2023) | |
| 650 | 0 |
_aData mining _xStatistical methods. |
|
| 700 | 1 |
_aPinzón S., Luz Mary, _eauthor. |
|
| 791 | 2 |
_aDigitalia (Firm), _edistributor. |
|
| 793 | 0 |
_gDigitalia eBook Collection: _aEscuela Colombiana de Ingeniería Julio Garavito |
|
| 776 | 0 | 8 |
_iPrint version: _aLangrand, Claude. _tAnálisis de datos. _bPrimera edición. _d[Bogotá], Colombia : Escuela Colombiana de Ingeniería Julio Garavito Editorial, [2009] _z9789588060903 |
| 830 | 0 | _aColección de matemáticas. | |
| 856 | 4 | 0 |
_3Digitalia Hispánica _uhttps://www.digitaliapublishing.com/a/127831/ |
| 910 | _aPremium collection: 2023 | ||
| 942 | _cRAA | ||
| 999 |
_c278972 _d278972 |
||